000 00919nam a2200265 i 4500
001 180541
003 ES-MaACL
005 20240302062941.0
008 120612s1968 sp afp |||| |bspa d
080 _a75Michelangelo
100 0 _aMichelangelo,
_d1475-1564
_980912
245 1 3 _aLa obra pictórica completa de Miguel Ángel /
_cintroducción de Salvatore Quasimodo ; biografía y estudios críticos de Ettore Camesasca.
246 3 8 _aMiguel Ángel
260 _aBarcelona :
_bNoguer,
_c[1968] (
_fRizzoli)
300 _a112 p. :
_bil. col. y n. ;
_c32 cm.
490 1 _aClásicos del arte ;
_v1
500 _aÍndices.
504 _aBibliografia: p. 82.
600 0 4 _aMichelangelo,
_d1475-1564
_980912
700 1 _aQuasimodo, Salvatore.
_994489
700 1 _aCamesasca, Ettore.
_934067
830 0 _aClásicos del arte ;
_v1
_9191252
852 _aES-MaACL
_jL-31036
999 _c180541
_d180541